Music Quiz

Random Music or Song Quiz

Unexpected Cover Songs Quiz Stats

 Plays Quiz Updated Aug 16, 2016

Also try: Song Covers Chain
Challenge
Share
Tweet
Score 0/40 Timer 13:00
0 Plays Today
Time Original Artist/Song % Correct
0:17-0:34I Will Survive
89%
0:35-0:53Beyoncé → Pomplamoose
87%
0:35-0:53Single Ladies (Put a Ring on It)
84.2%
4:08-4:25Queen → The Muppets
82.4%
4:08-4:25Bohemian Rhapsody
78.9%
1:37-1:52Nirvana → Paul Anka
77.9%
1:37-1:52Smells Like Teen Spirit
74.2%
5:27-5:43Britney Spears → Fountains of Wayne
73.2%
0:00- 0:16Loser
71.9%
1:19-1:36The Black Eyed Peas → Alanis Morissette
71.4%
0:00-0:16Beck → Weird Al Yankovic
70.3%
1:19-1:36My Humps
68.3%
0:17-0:34Gloria Gaynor → Cake
67.2%
5:44-5:58Barbie Girl
65.6%
3:47-4:07Crazy
63.6%
5:27-5:43...Baby One More Time
60.1%
5:44-5:58Aqua → Electric Chairs
60%
3:04-3:25Elton John → William Shatner
57.2%
3:04-3:25Rocket Man
54.5%
3:47-4:07Gnarls Barkley → Ray Lamontagne
54.5%
Time Original Artist/Song % Correct
4:26-4:44Mad World
54.1%
2:25-2:42Born in the U.S.A.
52.7%
2:25-2:42Bruce Springsteen → Casiotone for the Painfully Alone
51.8%
2:09-2:24Heartless
50.2%
2:09-2:24Kanye West → The Fray
46.6%
1:53-2:08Black Sabbath → The Cardigans
45.1%
1:53-2:08Iron Man
44.9%
3:26-3:46The Smashing Pumpkins → Passion Pit
36.7%
4:26-4:44Tears for Fears → Gary Jules
33.6%
3:26-3:46Tonight, Tonight
33.2%
5:07-5:26Summer Breeze
21.2%
5:59-6:21Rush → Mindless Self Indulgence
18.8%
5:59-6:21Tom Sawyer
17.8%
0:54-1:18Bee Gees → Robbie Williams and The Orb
16.9%
0:54-1:18I Started a Joke
16.3%
4:45-5:06The Smiths → Schneider TM vs. Kpt. Michi.gan
14.7%
4:45-5:06There Is a Light That Never Goes Out
10.8%
5:07-5:26Seals and Crofts → Type O Negative
8.2%
2:43-3:03Depeche Mode → Rammstein
6.1%
2:43-3:03Stripped
5.2%

You're not logged in!

Compare scores with friends on all Sporcle quizzes.
Join for Free
OR
Log In

You Might Also Like...

Show Comments

Extras

Top Quizzes Today


Score Distribution

Your Account Isn't Verified!

In order to create a playlist on Sporcle, you need to verify the email address you used during registration. Go to your Sporcle Settings to finish the process.

Report this User

Report this user for behavior that violates our Community Guidelines.

Details: